000 00557nam a2200181 i 4500
001 104064
003 ES-MaACL
005 20250818131145.0
008 051122s1971 sp f |||| | spa d
245 0 4 _aLos grandes enigmas del espionaje /
_cpresentados por Bernard Michal.
260 _aMadrid :
_bCírculo de Amigos de la Historia,
_c1971.
300 _a3 v. :
_blám. ;
_c18 cm.
650 4 _aEspionaje-
_vHistoria.
_9170894
700 1 _aMichal, Bernard.
_980865
700 2 _a
_9241888
852 _aES-MaACL
_jC-54440-42
999 _c104064
_d104064